[Event "PNWCC Masters WOO 2020"]
[Site "chess.com INT"]
[Date "2020.07.06"]
[Round "8.31"]
[White "Vanapalli, Vishnu"]
[Black "Morefield, Jason"]
[Result "1/2-1/2"]
[BlackTitle "FM"]
[WhiteElo "1918"]
[BlackElo "2227"]
[WhiteFideId "30920523"]
[BlackFideId "30920825"]
[EventDate "2020.07.04"]

1. e4 c5 2. Nf3 Nc6 3. d4 cxd4 4. Nxd4 Nf6 5. Nc3 e5 6. Ndb5 d6 7. Bg5 a6 8. Na3
b5 9. Nd5 Be7 10. Bxf6 Bxf6 11. c3 O-O 12. Nc2 Rb8 13. a4 bxa4 14. Ncb4 Nxb4 15.
cxb4 Bb7 16. Rxa4 Bc6 17. Bxa6 Bxa4 18. Qxa4 g6 19. O-O Bg7 20. Qc6 Kh8 21. b5
Qh4 22. b6 Qxe4 23. b7 f5 24. Ne7 Qb4 25. Nc8 Qc5 26. Rc1 Qxc6 27. Rxc6 e4 28.
Nb6 Bd4 29. Nd7 Rxb7 30. Bxb7 Rd8 31. Rxd6 Bxb2 32. Kf1 Kg7 33. Rd5 Ba3 34. Ke2
Be7 35. Ne5 Rxd5 36. Bxd5 Bd6 37. Nc4 Bxh2 38. Ke3 Bb8 39. Ke2 h5 40. Ne3 Kf6
41. Bc6 Ba7 42. Nc4 Bd4 43. Be8 Bc5 44. Bc6 Bd4 45. Ke1 Ke7 46. Ne3 Bc5 47. Bd5
Ba7 48. Kd2 Kf6 49. Kc3 h4 50. Bc6 Ke5 51. Be8 g5 52. Bg6 Bxe3 53. fxe3 f4 54.
Kd2 f3 55. Ke1 g4 56. Kf2 g3+ 57. Kf1 f2 58. Ke2 Kd5 59. Bh7 Ke5 60. Bg8 Kf5 61.
Bc4 Ke5 62. Ba6 Kf6 63. Bb7 Ke5 64. Bc6 Kf5 65. Bd7+ Kf6 66. Bb5 Ke5 67. Bc4 Kf5
68. Bb5 Ke5 69. Ba6 Kf6 70. Bb7 Ke5 71. Bc6 Kf5 72. Be8 Kf6 73. Bb5 Ke5 1/2-1/2

[Event "PNWCC Masters WOO 2020"]
[Site "chess.com INT"]
[Date "2020.07.06"]
[Round "8.32"]
[White "Estrada Nieto, Julian"]
[Black "Johnson, Donald"]
[Result "1-0"]
[WhiteTitle "IM"]
[WhiteElo "2280"]
[BlackElo "1857"]
[WhiteFideId "5101018"]
[BlackFideId "30949122"]
[EventDate "2020.07.04"]

1. d4 Nf6 2. Nf3 g6 3. Bf4 Bg7 4. c3 d6 5. e3 O-O 6. h3 Nbd7 7. Be2 b6 8. Nbd2
Bb7 9. O-O Ne4 10. Nxe4 Bxe4 11. Nd2 Bb7 12. Bf3 Bxf3 13. Qxf3 e5 14. Bg3 Qe7
15. a4 a5 16. Qc6 Nf6 17. dxe5 dxe5 18. Nc4 Nh5 19. Bh2 f5 20. Bxe5 Bxe5 21.
Qd5+ Qf7 22. Qxf7+ Kxf7 23. Nxe5+ Ke6 24. Nf3 Rad8 25. Rfd1 h6 26. Nd4+ Kf6 27.
Nc6 Rxd1+ 28. Rxd1 Ke6 29. Kf1 Nf6 30. Ke2 Nd5 31. Nd4+ Kd6 32. c4 Nf6 33. Nxf5+
Kc5 34. Nd4 Kxc4 35. Rc1+ Kb4 36. Rxc7 Kxa4 37. Rc4# 1-0

[Event "PNWCC Masters WOO 2020"]
[Site "chess.com INT"]
[Date "2020.07.06"]
[Round "8.33"]
[White "Kunka, Harshid"]
[Black "Eswaran, Ashritha"]
[Result "1-0"]
[BlackTitle "WIM"]
[WhiteElo "1913"]
[BlackElo "2244"]
[WhiteFideId "30922216"]
[BlackFideId "2080788"]
[EventDate "2020.07.04"]

1. e4 c5 2. Nf3 a6 3. d4 cxd4 4. Nxd4 e5 5. Nf3 Nf6 6. Bg5 Bc5 7. Bc4 Bxf2+ 8.
Kf1 Ba7 9. Qd6 Qb6 10. Qxb6 Bxb6 11. Nc3 d6 12. Rd1 Bc7 13. Bxf6 gxf6 14. Nd5
Bd8 15. Ne3 Be7 16. Nh4 Nd7 17. Nhf5 Nc5 18. Bd5 Be6 19. b4 Bxd5 20. Nxd5 Nxe4
21. Nfxe7 Kd7 22. Nf5 Rab8 23. Ke2 Ke6 24. Ng7+ Kd7 25. Ke3 Ng5 26. Nxf6+ Kc6
27. Nf5 Rbd8 28. Rd5 Ne6 29. Rhd1 Kc7 30. Rxd6 Rxd6 31. Rxd6 Rf8 32. Rd7+ Kb8
33. Nd6 Nd8 34. Nfe8 Ne6 35. Rxb7+ Ka8 36. Nc7+ Nxc7 37. Rxc7 Kb8 38. Rxf7 Rg8
39. g3 Rg4 40. Ne4 h5 41. Rh7 Rg6 42. Rxh5 Rc6 43. c3 1-0

[Event "PNWCC Masters WOO 2020"]
[Site "chess.com INT"]
[Date "2020.07.06"]
[Round "8.34"]
[White "Feng, Eric"]
[Black "Kolay, Alex"]
[Result "1/2-1/2"]
[WhiteElo "1898"]
[BlackElo "2208"]
[WhiteFideId "30923972"]
[BlackFideId "30919991"]
[EventDate "2020.07.04"]

1. d4 d5 2. c4 c6 3. Nf3 Nf6 4. Nbd2 e6 5. g3 Nbd7 6. Bg2 Be7 7. O-O O-O 8. b3
b6 9. Bb2 Bb7 10. Rc1 c5 11. e3 dxc4 12. Nxc4 Rc8 13. Qd2 Bd5 14. Rfd1 Qc7 15.
dxc5 Nxc5 16. Nce5 Qb7 17. Nh4 Rfd8 18. Qe2 Bxg2 19. Nxg2 Nd5 20. Ne1 Bf6 21.
N1d3 Nxd3 22. Nxd3 Qa6 23. Bxf6 Nxf6 24. Nf4 Qxe2 25. Nxe2 Rxd1+ 26. Rxd1 Kf8
27. Rc1 Rxc1+ 28. Nxc1 Ke7 29. Kf1 Kd6 30. Ke2 Ne4 31. f3 1/2-1/2

[Event "PNWCC Masters WOO 2020"]
[Site "chess.com INT"]
[Date "2020.07.06"]
[Round "8.35"]
[White "Tanenbaum, Zachary"]
[Black "Wen, Tommy"]
[Result "1/2-1/2"]
[WhiteElo "2137"]
[BlackElo "2014"]
[WhiteFideId "2060850"]
[BlackFideId "30952255"]
[EventDate "2020.07.04"]

1. e4 c5 2. Nf3 d6 3. d4 cxd4 4. Nxd4 Nf6 5. Nc3 g6 6. Be3 Bg7 7. f3 O-O 8. Qd2
Nc6 9. g4 Be6 10. Nxe6 fxe6 11. O-O-O Ne5 12. Be2 Qc8 13. h4 Nc4 14. Bxc4 Qxc4
15. Bh6 b5 16. Bxg7 Kxg7 17. h5 Rh8 18. Kb1 Rac8 19. Rh2 Kf7 20. Rdh1 Rhg8 21.
hxg6+ hxg6 22. e5 dxe5 23. Ne4 Nxe4 24. fxe4 Ke8 25. Rh7 Rf8 26. Rd1 Qd4 27.
Rxe7+ Kxe7 28. Qg5+ Ke8 29. Qxg6+ Ke7 30. Qg5+ Ke8 1/2-1/2

[Event "PNWCC Masters WOO 2020"]
[Site "chess.com INT"]
[Date "2020.07.06"]
[Round "8.36"]
[White "Chang, Eddie"]
[Black "Liang, Justin"]
[Result "0-1"]
[WhiteElo "1667"]
[BlackElo "2067"]
[WhiteFideId "30960932"]
[BlackFideId "2099942"]
[EventDate "2020.07.04"]

1. d4 Nf6 2. c4 e6 3. Nc3 Bb4 4. e3 c5 5. Ne2 O-O 6. a3 Bxc3+ 7. Nxc3 cxd4 8.
exd4 d5 9. c5 b6 10. b4 a5 11. Bf4 axb4 12. axb4 Rxa1 13. Qxa1 Nc6 14. Bd6 Re8
15. Bb5 Nxd4 16. O-O Nxb5 17. Nxb5 bxc5 18. bxc5 Ne4 19. Rc1 Qg5 20. Bg3 h5 21.
Nd6 Nxd6 22. Bxd6 h4 23. Rc3 d4 24. Qa4 dxc3 25. Qxe8+ Kh7 26. f4 c2 27. fxg5
c1=Q+ 28. Kf2 Qd2+ 29. Kf3 Bb7+ 30. Kg4 Qxg2+ 31. Kxh4 Qe4+ 32. Kg3 Qf3+ 33. Kh4
Be4 34. g6+ fxg6 35. Qa4 Bf5 36. Bg3 Qh5# 0-1

[Event "PNWCC Masters WOO 2020"]
[Site "chess.com INT"]
[Date "2020.07.06"]
[Round "8.37"]
[White "Luo, Terry"]
[Black "Sampath, Aja"]
[Result "1/2-1/2"]
[WhiteElo "2124"]
[BlackElo "1981"]
[WhiteFideId "30931045"]
[BlackFideId "30955190"]
[EventDate "2020.07.04"]

1. d4 Nf6 2. c4 g6 3. Nc3 Bg7 4. e4 d6 5. Nf3 O-O 6. Be2 e5 7. O-O Nc6 8. d5 Ne7
9. Ne1 Nd7 10. Be3 f5 11. f3 f4 12. Bf2 g5 13. Rc1 Ng6 14. c5 Nxc5 15. b4 Na6
16. Nd3 Rf7 17. Nb5 Bd7 18. a4 h5 19. Be1 Bf8 20. Nf2 Rg7 21. Rc4 Nh8 22. h3 Nf7
23. Qc2 Nh6 24. Nxc7 Nxc7 25. Rxc7 g4 26. fxg4 hxg4 27. Nxg4 Nxg4 28. Bxg4 Bxg4
29. Rxg7+ Kxg7 30. hxg4 Rc8 31. Qf2 a6 32. g3 Rc4 33. gxf4 Rxe4 34. Qg2 Rxf4 35.
Rxf4 exf4 36. Bc3+ Kf7 37. Qe4 Qe7 38. Qh7+ Ke8 39. Qxe7+ Bxe7 40. Kg2 b5 41.
axb5 axb5 42. Kf3 Kf7 43. Kxf4 Kg6 44. Kf3 Bg5 45. Be1 Bf6 46. Bg3 Be7 47. Kg2
Bf8 48. Kh3 Be7 49. Bf4 Bf8 50. Kh4 Be7+ 51. g5 Bf8 52. Kg4 Be7 53. Be3 Bf8 54.
Bf4 Be7 55. Bd2 Bf8 56. Be3 Be7 57. Bf4 Bf8 58. Bc1 Be7 59. Be3 Bf8 60. Bb6 Be7
61. Bc7 Bf8 62. Kf4 Be7 63. Kg4 Bf8 64. Bb8 Be7 65. Bc7 1/2-1/2

[Event "PNWCC Masters WOO 2020"]
[Site "chess.com INT"]
[Date "2020.07.06"]
[Round "8.38"]
[White "Singh, Hersh"]
[Black "Shlyakhtenko, Robert"]
[Result "0-1"]
[BlackTitle "FM"]
[WhiteElo "1906"]
[BlackElo "2343"]
[WhiteFideId "30918804"]
[BlackFideId "30936934"]
[EventDate "2020.07.04"]

1. d4 g6 2. c4 Bg7 3. g3 d6 4. Nf3 Nd7 5. Bg2 e5 6. e4 exd4 7. Nxd4 Ngf6 8. Nc3
O-O 9. O-O Re8 10. h3 c6 11. Be3 Nc5 12. Qc2 a5 13. Rad1 Bd7 14. a3 a4 15. Nde2
Qe7 16. Bxc5 dxc5 17. Nxa4 Be6 18. Nf4 Nd7 19. Nxe6 Qxe6 20. Rxd7 Qxd7 21. Nb6
Qd4 22. Nxa8 Rxa8 23. Rd1 Qxb2 24. Qxb2 Bxb2 25. Rb1 Bd4 26. Rb3 b5 27. Bf1 b4
28. axb4 Ra2 29. Bg2 Bxf2+ 30. Kh2 Ra1 31. h4 cxb4 32. Rxb4 Ra3 33. e5 Bxg3+ 34.
Kg1 Ra1+ 35. Bf1 Bxe5 36. Rb3 h5 37. Kg2 Ra2+ 38. Kf3 Bf6 39. Ke4 Bxh4 40. Rb8+
Kg7 41. Rc8 Rf2 42. Bd3 Rf6 43. c5 Bf2 44. Ba6 Bxc5 45. Bb7 h4 46. Rxc6 Bd6 47.
Bc8 Bg3 48. Rxf6 Kxf6 49. Kf3 Ke5 50. Ba6 f5 51. Kg2 g5 52. Be2 Kf4 53. Bf1 g4
54. Bd3 h3+ 55. Kh1 Bf2 56. Bf1 Kf3 57. Bd3 f4 58. Bf5 Kg3 59. Bd3 f3 60. Bf1
Be1 61. Kg1 h2+ 62. Kh1 Kf2 63. Bh3 g3 64. Bf1 Bb4 65. Bh3 Bd6 66. Bf1 g2+ 0-1

[Event "PNWCC Masters WOO 2020"]
[Site "chess.com INT"]
[Date "2020.07.06"]
[Round "8.39"]
[White "Stefanov, Emil"]
[Black "Lu, Jason"]
[Result "1-0"]
[WhiteTitle "IM"]
[WhiteElo "2350"]
[BlackElo "2025"]
[WhiteFideId "2914794"]
[BlackFideId "30938040"]
[EventDate "2020.07.04"]

1. d4 Nf6 2. c4 g6 3. Nc3 Bg7 4. e4 d6 5. Nf3 O-O 6. Be2 e5 7. O-O Na6 8. Be3
Ng4 9. Bg5 Qe8 10. dxe5 dxe5 11. h3 f6 12. Bd2 Nh6 13. Qc1 Nf7 14. Be3 f5 15.
exf5 gxf5 16. Re1 c6 17. Bf1 Be6 18. Qc2 Qe7 19. a3 Kh8 20. Rad1 Nc5 21. b4 Nd7
22. Nd5 cxd5 23. cxd5 e4 24. dxe6 Qxe6 25. Nd4 Qg6 26. f4 exf3 27. Nxf3 Nfe5 28.
Nxe5 Nxe5 29. Kh1 f4 30. Qxg6 hxg6 31. Bd4 Rf5 32. Rc1 Nc6 33. Bxg7+ Kxg7 34. b5
Ne5 35. Rc7+ Rf7 36. Rxf7+ Nxf7 37. Re7 Rc8 38. Kg1 Kf6 39. Rxb7 Rc1 40. Rxa7
Ng5 41. Ra4 Kf5 42. b6 Ne4 43. g4+ fxg3 44. b7 Nd2 45. b8=Q Nb1 46. Qf4+ 1-0

[Event "PNWCC Masters WOO 2020"]
[Site "chess.com INT"]
[Date "2020.07.06"]
[Round "8.40"]
[White "Wiebe, Daniel"]
[Black "Ghazarian, Kirk"]
[Result "1/2-1/2"]
[WhiteElo "1988"]
[BlackElo "2181"]
[WhiteFideId "2612275"]
[BlackFideId "30908604"]
[EventDate "2020.07.04"]

1. e4 e6 2. d4 d5 3. Nc3 Bb4 4. e5 c5 5. a3 Bxc3+ 6. bxc3 Ne7 7. Qg4 Qc7 8. Qxg7
Rg8 9. Qxh7 cxd4 10. Ne2 Nbc6 11. g3 dxc3 12. Bg2 Qxe5 13. Bf4 Qg7 14. Qxg7 Rxg7
15. Nxc3 e5 16. Bd2 Be6 17. Ne2 O-O-O 18. f4 e4 19. Bc3 Rg6 20. Nd4 Nf5 21.
O-O-O Ne3 22. f5 Nxf5 23. Nxf5 Bxf5 24. Rhf1 Bg4 25. Rxf7 Bxd1 26. Kxd1 d4 27.
Be1 e3 28. g4 Rd7 29. Rf4 Ne5 30. h3 Rb6 31. Be4 d3 32. cxd3 Rb1+ 33. Ke2 Rxd3
34. Rf8+ Kd7 35. Bxd3 Nxd3 36. Kxd3 Rxe1 37. Rf3 Ra1 38. g5 Rxa3+ 39. Ke2 Ra2+
40. Kxe3 Rg2 41. h4 a5 42. Kf4 Rh2 43. Kg4 a4 44. g6 Ke6 45. h5 b5 46. Kg5 Rg2+
47. Kh6 Ke5 48. Kh7 b4 49. g7 b3 50. Rf2 Rg5 1/2-1/2

[Event "PNWCC Masters WOO 2020"]
[Site "chess.com INT"]
[Date "2020.07.06"]
[Round "8.41"]
[White "Su, Kevin"]
[Black "Lu, Ming"]
[Result "0-1"]
[WhiteElo "1768"]
[BlackElo "2084"]
[WhiteFideId "30937370"]
[BlackFideId "30930880"]
[EventDate "2020.07.04"]

1. e4 e6 2. d4 d5 3. Nc3 Nf6 4. e5 Nfd7 5. f4 c5 6. Nf3 Nc6 7. Be3 Be7 8. Qd2
O-O 9. Ne2 b5 10. c3 b4 11. dxc5 Bxc5 12. Ned4 bxc3 13. bxc3 Qb6 14. Bd3 Nxd4
15. Nxd4 Ba6 16. O-O Bxd3 17. Qxd3 Rac8 18. Rfc1 Qa5 19. h4 Ba3 20. Rc2 Nc5 21.
Qb5 Qc7 22. Qe2 Ne4 23. Nb5 Qa5 24. Nxa3 Qxa3 25. c4 Rxc4 26. Rxc4 dxc4 27. Rc1
Ng3 28. Qf2 Nf5 29. Re1 Rc8 30. Bc1 Qa4 31. g4 Ne7 32. Qd4 h5 33. Qxc4 Qxc4 0-1

[Event "PNWCC Masters WOO 2020"]
[Site "chess.com INT"]
[Date "2020.07.06"]
[Round "8.42"]
[White "Sivakumar, Shaashwath"]
[Black "Metpally, Jason"]
[Result "1-0"]
[WhiteElo "1866"]
[BlackElo "2204"]
[WhiteFideId "30912156"]
[BlackFideId "2068567"]
[EventDate "2020.07.04"]

1. d4 e6 2. c4 Nf6 3. Nf3 b6 4. g3 c6 5. Bg2 Be7 6. O-O O-O 7. Qc2 d5 8. Nbd2
Bb7 9. b3 Na6 10. e4 Rc8 11. e5 Nd7 12. cxd5 cxd5 13. Qd1 Nb4 14. a3 Nd3 15. Qe2
Ba6 16. Qe3 Qc7 17. Rd1 Nxc1 18. Rdxc1 Qxc1+ 19. Rxc1 Rxc1+ 20. Bf1 Rfc8 21. Kg2
Bxf1+ 22. Nxf1 R1c3 23. Qf4 Rxb3 24. h4 Rxa3 25. h5 h6 26. g4 Rc2 27. Ne3 Re2
28. g5 Raa2 29. gxh6 Rxf2+ 30. Kh3 Ra3 31. Kg3 Re2 32. Qg4 g6 33. hxg6 Nf8 34.
h7+ Kg7 35. gxf7+ Kxh7 36. Qg8+ Kh6 37. Ng4+ Kh5 38. Nf6+ Bxf6 39. exf6 Ng6 40.
Qh7# 1-0

[Event "PNWCC Masters WOO 2020"]
[Site "chess.com INT"]
[Date "2020.07.06"]
[Round "8.44"]
[White "Le, Harry"]
[Black "Kozower, Ethan"]
[Result "1-0"]
[WhiteElo "1833"]
[BlackElo "1562"]
[WhiteFideId "30927838"]
[BlackFideId "30947227"]
[EventDate "2020.07.04"]

1. d4 Nf6 2. c4 e6 3. g3 d5 4. Bg2 dxc4 5. Nf3 a6 6. O-O Nc6 7. e3 Be7 8. Nfd2
O-O 9. Nxc4 Re8 10. Qe2 Rb8 11. Rd1 Bf8 12. Nc3 Nd5 13. e4 Nxc3 14. bxc3 b5 15.
Ne3 Bb7 16. Bb2 Qc8 17. c4 e5 18. d5 Nd4 19. Bxd4 exd4 20. Rxd4 Bc5 21. Rdd1 b4
22. Qd2 g6 23. h3 f5 24. exf5 Bxe3 25. fxe3 Qxf5 26. e4 Qe5 27. Qf4 a5 28. c5
Re7 29. d6 Qxc5+ 30. Kh2 cxd6 31. Rac1 Qe5 32. Rxd6 Qxf4 33. gxf4 Bxe4 34. Re1
Rbe8 35. Bf1 Bf5 36. Bc4+ Kg7 37. Red1 Rc7 38. R1d4 Rec8 39. Bb3 Re7 40. Rd2
Rce8 41. Ra6 Re2+ 42. Rxe2 Rxe2+ 43. Kg3 Re3+ 44. Kf2 Rxh3 45. Rxa5 Rh2+ 46. Kg3
Rd2 47. Rb5 Bb1 48. Rb7+ Kf8 49. Rb8+ Ke7 50. Rb7+ Kf8 51. Rb8+ Ke7 52. Ra8 Bc2
53. Ra7+ Kf8 54. Be6 b3 55. axb3 Rd3+ 56. Kg4 Bxb3 57. Bxb3 Rxb3 58. Rxh7 Kg8
59. Rc7 Rb1 60. Kg5 Rg1+ 61. Kf6 Rg4 62. Rc8+ Kh7 63. Rc4 g5 64. Rc7+ Kh6 65. f5
Rf4 66. Rc8 Kh5 67. Rg8 Kg4 68. Rxg5+ Kf3 69. Kg7 Ke4 70. f6 1-0

[Event "PNWCC Masters WOO 2020"]
[Site "chess.com INT"]
[Date "2020.07.06"]
[Round "8.45"]
[White "Zhao, Erick"]
[Black "Sivakumar, Shaaketh"]
[Result "1-0"]
[WhiteTitle "CM"]
[WhiteElo "2039"]
[BlackElo "1870"]
[WhiteFideId "30946930"]
[BlackFideId "30940176"]
[EventDate "2020.07.04"]

1. e4 e6 2. d4 d5 3. Nc3 Bb4 4. exd5 exd5 5. Bd3 Ne7 6. Nf3 O-O 7. O-O h6 8. Ne2
Bd6 9. Bf4 Bf5 10. Bxf5 Nxf5 11. Qd3 Qf6 12. Be5 Qe6 13. Nf4 Qd7 14. Bxd6 Nxd6
15. Nxd5 Nc6 16. Ne5 Nxe5 17. dxe5 Ne8 18. Rad1 Kh8 19. Qa3 Rg8 20. Nb6 Qxd1 21.
Rxd1 cxb6 22. Qc3 g6 23. e6+ Ng7 24. exf7 Rgd8 25. Rxd8+ Rxd8 26. Qd3 Rf8 27.
Qxg6 Nf5 28. Qxf5 Kg7 29. Qe5+ Kxf7 30. g4 h5 31. Qxh5+ Kg7 32. Qe5+ Kf7 33. g5
Kg6 34. h4 b5 35. Qd6+ Kg7 36. Qh6+ Kf7 37. g6+ Ke7 38. g7 Rg8 39. Qg6 b4 40. h5
b3 41. axb3 a5 42. h6 a4 43. h7 a3 44. hxg8=Q a2 45. Q6e6# 1-0

[Event "PNWCC Masters WOO 2020"]
[Site "chess.com INT"]
[Date "2020.07.06"]
[Round "8.46"]
[White "Chabris, Christopher"]
[Black "Ho, Cooper"]
[Result "1/2-1/2"]
[WhiteElo "2125"]
[BlackElo "1663"]
[WhiteFideId "2005263"]
[BlackFideId "30964610"]
[EventDate "2020.07.04"]

1. e4 e5 2. Nf3 Nc6 3. Bb5 a6 4. Ba4 Nf6 5. O-O Be7 6. Re1 b5 7. Bb3 d6 8. c3
O-O 9. h3 Nb8 10. d4 Nbd7 11. Nbd2 Bb7 12. Bc2 Re8 13. Nf1 Bf8 14. Ng3 g6 15. a4
c5 16. d5 c4 17. Bg5 h6 18. Be3 Bg7 19. Qd2 Kh7 20. Nh2 Qc7 21. Ng4 Ng8 22. h4
Ndf6 23. Nxf6+ Nxf6 24. Bd1 Qd7 25. f3 Qc7 26. Be2 Reb8 27. Nf1 Nd7 28. Bd1 Nc5
29. Bc2 Rf8 30. h5 Qc8 31. Ng3 Qc7 32. Kf2 g5 33. Nf5 Bf6 34. g4 Bc8 35. Ng3 Bd7
36. axb5 axb5 37. Reb1 Rxa1 38. Rxa1 Bd8 39. Qd1 Qb7 40. Nf1 Bb6 41. Qc1 f6 42.
Ke2 Ra8 43. Nd2 1/2-1/2

[Event "PNWCC Masters WOO 2020"]
[Site "chess.com INT"]
[Date "2020.07.06"]
[Round "8.48"]
[White "Wang, Ze"]
[Black "Ho, Carter"]
[Result "1/2-1/2"]
[WhiteElo "1869"]
[BlackElo "1415"]
[WhiteFideId "8615187"]
[BlackFideId "30965292"]
[EventDate "2020.07.04"]

1. e4 e5 2. Nf3 Nc6 3. Nc3 Nf6 4. d4 exd4 5. Nxd4 Bb4 6. Nxc6 bxc6 7. Bd3 d5 8.
exd5 O-O 9. O-O Bg4 10. f3 Bh5 11. Bg5 Bxc3 12. bxc3 cxd5 13. Rb1 h6 14. Bh4 Qd6
15. Qd2 Rad8 16. Rb7 a5 17. Bg3 Qc5+ 18. Qf2 Qxc3 19. Rxc7 Qb2 20. a4 Rc8 21.
Re7 Qb4 22. Rfe1 Qxa4 23. Be5 Qc6 24. Qh4 Bg6 25. Bxf6 Qxf6 26. Qxf6 gxf6 27.
Bxg6 fxg6 28. Ra7 Rfe8 29. Rxe8+ Rxe8 30. Rxa5 Re2 31. Rxd5 Rxc2 32. Rd7 Rb2 1/2-1/2

[Event "PNWCC Masters WOO 2020"]
[Site "chess.com INT"]
[Date "2020.07.06"]
[Round "8.50"]
[White "Chen, Megan"]
[Black "Vijayakumar, Advaith"]
[Result "0-1"]
[WhiteElo "1549"]
[BlackElo "1846"]
[WhiteFideId "30929121"]
[BlackFideId "30933196"]
[EventDate "2020.07.04"]

1. e4 c5 2. d4 cxd4 3. c3 Nf6 4. e5 Nd5 5. cxd4 d6 6. Nf3 Nc6 7. Bc4 Nb6 8. Bb5
Bd7 9. exd6 e6 10. Bf4 Nd5 11. Be5 Qa5+ 12. Nc3 Nxc3 13. bxc3 Nxe5 14. Nxe5
Qxc3+ 15. Kf1 Bxb5+ 16. Kg1 Bxd6 17. Rc1 Qa3 18. Rb1 Bc6 19. Nc4 Bxh2+ 20. Rxh2
Qe7 21. Qh5 h6 22. Ne5 Bd5 23. Qe2 O-O 24. Qg4 Qg5 25. Qe2 Rac8 26. Qd1 f6 27.
Nd3 Be4 28. Rh5 Qxg2# 0-1

[Event "PNWCC Masters WOO 2020"]
[Site "chess.com INT"]
[Date "2020.07.06"]
[Round "8.51"]
[White "Markzon, Gregory"]
[Black "Jiang, Leo"]
[Result "1-0"]
[WhiteTitle "FM"]
[WhiteElo "2069"]
[BlackElo "1592"]
[WhiteFideId "2003694"]
[BlackFideId "30952140"]
[EventDate "2020.07.04"]

1. d4 Nf6 2. c4 e6 3. Nc3 Bb4 4. e3 d5 5. a3 Bxc3+ 6. bxc3 O-O 7. cxd5 exd5 8.
Bd3 b6 9. Ne2 Bb7 10. O-O Nbd7 11. f3 c5 12. Ng3 Re8 13. Ra2 Nf8 14. Re1 Ne6 15.
Rf2 Qd7 16. e4 dxe4 17. fxe4 Nc7 18. e5 Nfd5 19. Nf5 cxd4 20. Qg4 Ne6 21. Nh6+
Kh8 22. Nxf7+ Kg8 23. Qh5 g6 24. Bxg6 1-0

[Event "PNWCC Masters WOO 2020"]
[Site "chess.com INT"]
[Date "2020.07.06"]
[Round "8.52"]
[White "Pillai, Adithya"]
[Black "Padhye, Rohan"]
[Result "1-0"]
[WhiteElo "1663"]
[BlackElo "1716"]
[WhiteFideId "30937396"]
[BlackFideId "30946034"]
[EventDate "2020.07.04"]

1. e4 e5 2. Nf3 Nc6 3. Bb5 a6 4. Ba4 Nf6 5. O-O Be7 6. Re1 b5 7. Bb3 d6 8. c3
O-O 9. h3 Na5 10. Bc2 c5 11. d4 Nd7 12. a4 Rb8 13. d5 b4 14. Nbd2 Bf6 15. c4 g6
16. b3 Bg7 17. Nf1 Nb6 18. Ng3 Nbxc4 19. bxc4 b3 20. Bxb3 Rxb3 21. Bd2 Rb8 22.
Qc2 Bd7 23. Rab1 Qc7 24. Nh2 f5 25. exf5 gxf5 26. Nh5 f4 27. Nxg7 Kxg7 28. Qc3
Nb7 29. a5 h6 30. Rb6 Kh7 31. Reb1 Bf5 32. R1b2 Qg7 33. Bxf4 Bxh3 34. Bg3 Bf5
35. R2b3 Qc7 36. Rc6 Qe7 37. Rcb6 Qc7 38. Rc6 Qe7 39. Rxa6 Ra8 40. Rbb6 Rfc8 41.
Rxa8 Rxa8 42. a6 Nd8 43. Nf3 Qc7 44. Qb2 Bd3 45. Bh4 Kg6 46. Bxd8 Rxd8 47. Nxe5+
Kf5 48. Nxd3 Ke4 49. Qe2+ Kd4 50. Rb7 Qa5 51. Qe3+ Kxc4 52. Nb2+ Kxd5 53. Qd3+
Kc6 54. Qe4+ d5 55. Qe6+ Rd6 56. Qc8+ Qc7 57. Qxc7# 1-0

[Event "PNWCC Masters WOO 2020"]
[Site "chess.com INT"]
[Date "2020.07.06"]
[Round "8.53"]
[White "Guo, Yu Han"]
[Black "Aaron, Michael"]
[Result "1-0"]
[WhiteElo "1432"]
[BlackElo "1699"]
[WhiteFideId "2623870"]
[BlackFideId "30963346"]
[EventDate "2020.07.04"]

1. Nf3 d5 2. d4 e6 3. g3 c5 4. c4 Nc6 5. cxd5 exd5 6. dxc5 Bxc5 7. Bg2 Nf6 8.
O-O O-O 9. Bg5 h6 10. Bf4 Qe7 11. Nc3 Rd8 12. Na4 Bd6 13. Bxd6 Qxd6 14. Rc1 Be6
15. Nc5 Qe7 16. Nd4 Ne5 17. Qb3 Nc4 18. Nxb7 Rdb8 19. Nc6 Qxb7 20. Nxb8 Rxb8 21.
Qxb7 Rxb7 22. Rxc4 Rxb2 23. Ra4 d4 24. a3 Rxe2 25. Rxd4 a5 26. Rd8+ Kh7 27. Ra8
Re5 28. Rc1 Nd7 29. f4 Rb5 30. Bc6 Rb2 31. Rxa5 Nb6 32. Ra7 Kg6 33. Be4+ Kf6 34.
a4 Rb4 35. Bc6 Nd5 36. a5 Kf5 37. a6 Kg4 38. Rb7 Rd4 39. a7 Rd2 40. a8=Q Kh3 41.
Bxd5 Bxd5 42. Qc8+ Be6 43. Qc6 Bd5 44. Qd7+ 1-0

[Event "PNWCC Masters WOO 2020"]
[Site "chess.com INT"]
[Date "2020.07.06"]
[Round "8.56"]
[White "Harish, Neeraj"]
[Black "Ji, Yuze Luke"]
[Result "1/2-1/2"]
[WhiteElo "1472"]
[BlackElo "1337"]
[WhiteFideId "30958130"]
[BlackFideId "30965284"]
[EventDate "2020.07.04"]

1. e4 c5 2. Nf3 Nc6 3. d4 cxd4 4. Nxd4 Nf6 5. Nc3 e5 6. Ndb5 d6 7. Bg5 a6 8. Na3
b5 9. Nd5 Be7 10. Bxf6 Bxf6 11. c4 b4 12. Nc2 a5 13. Qf3 Bg5 14. h4 Bh6 15. g4
f6 16. g5 fxg5 17. Qh5+ Kf8 18. Qf3+ Kg8 19. c5 g4 20. Qb3 Be6 21. Bc4 Kf7 22.
Nb6 Qf6 23. Bxe6+ Qxe6 24. Qxe6+ Kxe6 25. Nxa8 Rxa8 26. cxd6 Kxd6 27. O-O Kc5
28. Rfd1 Nd4 29. Nxd4 exd4 30. Rd3 Re8 31. Re1 Bf4 32. b3 Re5 33. Re2 Rh5 34.
Rc2+ Kb6 35. Rxd4 g3 36. fxg3 Be3+ 37. Kg2 Bxd4 38. Kh3 Re5 39. Re2 Kc5 40. Kg4
Bc3 41. Kf4 Kd4 42. g4 Re8 43. Kf5 g6+ 44. Kf4 Kd3 45. Re3+ Kd2 46. e5 Rxe5 47.
Rxe5 Bxe5+ 48. Kxe5 Kc2 49. Kf6 Kb2 50. Kg7 Kxa2 51. Kxh7 Kxb3 52. h5 Kc3 53.
hxg6 b3 54. g7 b2 55. g8=Q b1=Q+ 56. Kh6 Qb6+ 57. Kh5 a4 58. g5 a3 59. g6 Qc5+
60. Kh6 Qe3+ 61. Kh7 Qh3+ 62. Kg7 Qd7+ 63. Qf7 Qd4+ 64. Kh7 Qh4+ 65. Kg8 Qd8+
66. Kh7 Qh4+ 67. Kg7 Qd4+ 68. Kg8 Qd8+ 69. Kg7 Qd4+ 1/2-1/2

[Event "PNWCC Masters WOO 2020"]
[Site "chess.com INT"]
[Date "2020.07.06"]
[Round "9.1"]
[White "Xiong, Jeffery"]
[Black "Matlakov, Maxim"]
[Result "1-0"]
[WhiteTitle "GM"]
[BlackTitle "GM"]
[WhiteElo "2709"]
[BlackElo "2685"]
[WhiteFideId "2047640"]
[BlackFideId "4168003"]
[EventDate "2020.07.04"]

1. d4 Nf6 2. c4 e6 3. g3 Bb4+ 4. Bd2 a5 5. Bg2 d5 6. Nf3 O-O 7. Qc2 c5 8. O-O
cxd4 9. Nxd4 Nc6 10. Bc3 Bd7 11. Nxc6 Bxc6 12. Rd1 Rc8 13. a3 Bxc3 14. Nxc3 d4
15. Bxc6 Rxc6 16. Qd3 e5 17. e3 Rd6 18. Nb5 Rd7 19. exd4 exd4 20. b4 h5 21. Re1
Re8 22. c5 Rxe1+ 23. Rxe1 axb4 24. axb4 Rd5 25. Nd6 Qd7 26. Ra1 g6 27. Ra8+ Kg7
28. Rb8 Qe6 29. Rxb7 Nd7 30. Qf3 Ne5 31. Qe4 Rxd6 32. cxd6 Qxd6 33. Rb5 f6 34.
Qd5 Qf8 35. f4 Ng4 36. Rb7+ Kh6 37. Qf7 Qh8 38. Re7 1-0